000 01020nam a22002657a 4500
999 _c431443
_d431443
001 51316
003 UA-OsUOA
005 20200304124525.0
007 ta
008 20140901b un ||||| |||| 00| 0 ukr d
040 _aUA-OsUOA
_bukr
_cUA-OsUOA
_dUA-OsUOA
041 _aukr
080 _a94(477).152 К
090 _a94(477).152 К
_bВ65
100 _aВойценко О.
245 _aЛітопис українського життя в Канаді: доба дальших консолідаційних заходів і демографічних пересувів (дисперсія) 1950-1959
_nт. 6
260 _aЕдмонтон
_bКанадський інститут українських студій
_c1982
300 _a416 с.
490 _vт. 6
650 7 _a9 Географія. Біографії. Історія
_2UDC
942 _cBK
_2udc
955 _a1